[Event "7th Africa-ch"]
[Site "Tripoli LBA"]
[Date "2009.07.21"]
[Round "1"]
[White "El-Zayat, Ahmed"]
[Black "Haddouche, Mohamed"]
[Result "0-1"]
[WhiteElo "1969"]
[BlackElo "2329"]
[EventDate "2009.07.21"]
[PlyCount "92"]

1.d4 Nf6 2.c4 g6 3.Nc3 Bg7 4.e4 d6 5.f4 O-O 6.Nf3 c5 7.dxc5 Qa5 8.Bd3 Qxc5
9.Qe2 Nc6 10.Be3 Qa5 11.Rc1 Be6 12.O-O Ng4 13.a3 Nxe3 14.Qxe3 Bg4 15.Kh1 
Rac8 16.h3 Bxf3 17.Qxf3 Nd4 18.Qd1 e6 19.Nb1 Bh6 20.b4 Qd8 21.Nc3 Qh4 22.
Qg4 Qxg4 23.hxg4 Bg7 24.Rcd1 Rfd8 25.g5 Nc6 26.Na4 Bd4 27.Be2 e5 28.Bg4 
Rc7 29.f5 b6 30.fxg6 hxg6 31.Rf6 Kg7 32.g3 Nb8 33.Rdf1 b5 34.cxb5 Rh8+ 35.
Kg2 Rc2+ 36.Kf3 Rhh2 37.Bh3 Rhe2 38.Bc8 Re3+ 39.Kg4 Rc7 40.Ba6 Nxa6 41.
Rxd6 Nb8 42.Rd8 Nd7 43.Rh1 Nf8 44.Rd5 Ne6 45.Nc5 Bxc5 46.bxc5 Rxc5 0-1

[Event "7th Africa-ch"]
[Site "Tripoli LBA"]
[Date "2009.07.21"]
[Round "1"]
[White "Belkhodja, Slim"]
[Black "Asabri, Hussein"]
[Result "1/2-1/2"]
[WhiteElo "2467"]
[BlackElo "2220"]
[EventDate "2009.07.21"]
[PlyCount "84"]

1.e4 e5 2.Nf3 Nc6 3.Bb5 a6 4.Bxc6 dxc6 5.Nc3 Bg4 6.h3 Bxf3 7.Qxf3 Nf6 8.
O-O Bd6 9.d3 O-O 10.Ne2 Re8 11.Bg5 Be7 12.Ng3 g6 13.Rad1 Nd7 14.Be3 c5 15.
c3 Bd6 16.Qg4 Nf6 17.Qe2 Nd7 18.Qc2 Qh4 19.b4 cxb4 20.cxb4 Nf8 21.Ne2 Ne6 
22.Qb3 Rad8 23.a4 c6 24.b5 axb5 25.axb5 Qe7 26.bxc6 bxc6 27.Qc4 Bc5 28.Rc1
Bxe3 29.fxe3 Qa7 30.Rf3 Rd6 31.Kh2 Ng5 32.Rg3 Ne6 33.Rf1 Qc5 34.Qa6 Qc2 
35.Qa7 Rf8 36.Nc1 Qc5 37.Qa2 Qb6 38.Qf2 Qd8 39.Qb2 Nc5 40.Qxe5 Nxd3 41.
Nxd3 Rxd3 42.Rf6 Qb8 1/2-1/2

[Event "7th Africa-ch"]
[Site "Tripoli LBA"]
[Date "2009.07.21"]
[Round "1"]
[White "Chahrani, Ibrahim"]
[Black "Amin, Bassem"]
[Result "1/2-1/2"]
[WhiteElo "2280"]
[BlackElo "2551"]
[EventDate "2009.07.21"]
[PlyCount "34"]

1.d4 Nf6 2.c4 e6 3.Nc3 Bb4 4.e3 c5 5.Bd3 O-O 6.Ne2 d5 7.O-O Nc6 8.dxc5 
Bxc5 9.Nf4 dxc4 10.Bxc4 a6 11.Nh5 b5 12.Nxf6+ gxf6 13.Qh5 f5 14.Be2 Be7 
15.Rd1 Qc7 16.e4 fxe4 17.Bh6 f5 1/2-1/2

[Event "7th Africa-ch"]
[Site "Tripoli LBA"]
[Date "2009.07.21"]
[Round "1"]
[White "El-Gindy, Essam"]
[Black "El-Kamel, Adel Mahmoud"]
[Result "1-0"]
[WhiteElo "2501"]
[BlackElo "2239"]
[EventDate "2009.07.21"]
[PlyCount "57"]

1.d4 Nf6 2.c4 e6 3.Nf3 Bb4+ 4.Bd2 Qe7 5.g3 Nc6 6.Nc3 Bxc3 7.Bxc3 Ne4 8.Rc1
O-O 9.Bg2 d6 10.O-O Nxc3 11.Rxc3 e5 12.d5 Nb8 13.b4 a5 14.Ra3 Bg4 15.Nd2 
Nd7 16.Rxa5 Rxa5 17.bxa5 f5 18.Nb3 e4 19.f3 Bh5 20.fxe4 fxe4 21.Rxf8+ Kxf8
22.Nd4 Nc5 23.Qf1+ Bf7 24.Qf4 Kg8 25.Bh3 g5 26.Qf5 Kg7 27.Qc8 Qf6 28.Nf5+ 
Kg6 29.Qf8 1-0

[Event "7th Africa-ch"]
[Site "Tripoli LBA"]
[Date "2009.07.21"]
[Round "1"]
[White "Ezat, Mohamed"]
[Black "Shebsh, Abdullatief Mohamed"]
[Result "1-0"]
[WhiteElo "2459"]
[BlackElo "2193"]
[EventDate "2009.07.21"]
[PlyCount "43"]

1.d4 Nf6 2.c4 g6 3.Nc3 Bg7 4.e4 d6 5.Be2 O-O 6.Bg5 c5 7.d5 h6 8.Bf4 Nbd7 
9.Qd2 Kh7 10.Nf3 Ng4 11.O-O Nge5 12.Nxe5 Nxe5 13.Bg3 Qa5 14.f4 Nd7 15.Bd3 
a6 16.a4 Nb6 17.e5 Qb4 18.Qe2 Bf5 19.Bxf5 gxf5 20.a5 Nc8 21.Be1 b5 22.Nxb5
1-0

[Event "7th Africa-ch"]
[Site "Tripoli LBA"]
[Date "2009.07.21"]
[Round "1"]
[White "Kobese, Watu"]
[Black "Homrana, Mustafa"]
[Result "1-0"]
[WhiteElo "2391"]
[BlackElo "2114"]
[EventDate "2009.07.21"]
[PlyCount "43"]

1.e4 e6 2.Nf3 d5 3.e5 c5 4.b4 c4 5.a3 a5 6.b5 Nd7 7.d4 a4 8.Nc3 Be7 9.h4 
Nb6 10.g3 Bd7 11.Bh3 Ra5 12.Rb1 Na8 13.O-O b6 14.Ng5 Nc7 15.f4 Bxg5 16.
fxg5 g6 17.Qf3 Qe7 18.Bd2 Kd8 19.Ne2 Rxb5 20.Bb4 Rxb4 21.Rxb4 b5 22.Bg4 
1-0

[Event "7th Africa-ch"]
[Site "Tripoli LBA"]
[Date "2009.07.21"]
[Round "1"]
[White "Njili, Kamel"]
[Black "De Gondo, Simplice Armel"]
[Result "1-0"]
[WhiteElo "2318"]
[BlackElo "2432"]
[EventDate "2009.07.21"]
[PlyCount "56"]

1.e4 c5 2.Nf3 d6 3.d4 cxd4 4.Nxd4 Nf6 5.Nc3 a6 6.Bg5 e6 7.f4 Nbd7 8.Bc4 b5
9.Bb3 b4 10.Nce2 Bb7 11.Ng3 Qb6 12.Qd2 Nxe4 13.Nxe4 Bxe4 14.O-O-O Nc5 15.
Rhe1 Qb7 16.Rxe4 Nxe4 17.Ba4+ Qd7 18.Bxd7+ Kxd7 19.Qxb4 Nc5 20.Nb3 Nxb3+ 
21.axb3 Rc8 22.Qb7+ Rc7 23.Qxa6 f6 24.Qb5+ Kd8 25.Bh4 d5 26.f5 Bc5 27.Bg3 
Be3+ 28.Kb1 Ra7 1-0

[Event "7th Africa-ch"]
[Site "Tripoli LBA"]
[Date "2009.07.21"]
[Round "1"]
[White "Oatlhotse, Providence"]
[Black "Abdelnabbi, Imed"]
[Result "0-1"]
[WhiteElo "2164"]
[BlackElo "2452"]
[EventDate "2009.07.21"]
[PlyCount "116"]

1.Nf3 d5 2.d4 Nf6 3.c4 e6 4.g3 dxc4 5.Bg2 b5 6.a4 c6 7.Ne5 Nd5 8.O-O Bb7 
9.b3 cxb3 10.Qxb3 b4 11.Bb2 Nd7 12.Rd1 Nxe5 13.dxe5 Qc7 14.Nd2 Be7 15.e4 
Nb6 16.a5 Nd7 17.Nc4 O-O 18.Nd6 c5 19.f4 Ba6 20.f5 c4 21.Qxb4 Rab8 22.Qd2 
Rxb2 23.Qxb2 Nxe5 24.Qxe5 Bf6 25.Qf4 Bxa1 26.Rxa1 Qc5+ 27.Kh1 Qd4 28.Rf1 
e5 29.Qg4 Qxd6 30.f6 g6 31.Qg5 Kh8 32.Bf3 c3 33.Rd1 Qc7 34.h4 c2 35.Rc1 
Qc3 36.Kg2 Bd3 37.Qh6 Rg8 38.Qe3 Qd4 39.Qxd4 exd4 40.Kf2 g5 41.h5 Re8 42.
Ke1 Bxe4 43.Bxe4 Rxe4+ 44.Kd2 Re6 45.Rxc2 Rxf6 46.Kd3 Kg7 47.Rc5 Kh6 48.g4
Rf4 49.Rc7 Rxg4 50.Rxa7 Rg1 51.Kxd4 f5 52.Rf7 f4 53.a6 Ra1 54.a7 Kxh5 55.
Rxh7+ Kg4 56.Rg7 Ra3 57.Ke5 f3 58.Kf6 Ra6+ 0-1

[Event "7th Africa-ch"]
[Site "Tripoli LBA"]
[Date "2009.07.21"]
[Round "1"]
[White "Ranaivoharisoa, Alain"]
[Black "Sarwat, Walaa"]
[Result "0-1"]
[WhiteElo "2083"]
[BlackElo "2390"]
[EventDate "2009.07.21"]
[PlyCount "84"]

1.e4 e5 2.Nf3 Nc6 3.Bb5 a6 4.Ba4 Nf6 5.O-O b5 6.Bb3 Be7 7.Re1 O-O 8.c3 d6 
9.h3 Nb8 10.d4 Nbd7 11.a4 Bb7 12.Nbd2 c5 13.d5 c4 14.Bc2 Nc5 15.Nf1 Re8 
16.Ng3 g6 17.Bh6 Bf8 18.Qd2 Bg7 19.Bxg7 Kxg7 20.axb5 axb5 21.Rxa8 Bxa8 22.
Ra1 h6 23.Qe3 Bb7 24.Nd2 Nfd7 25.b4 cxb3 26.Bxb3 Qc7 27.Bd1 Ba6 28.Be2 Nb6
29.f4 exf4 30.Qxf4 Nba4 31.Qf3 Qe7 32.Rf1 Rf8 33.Nb1 Qe5 34.Qg4 Bc8 35.Qh4
Bd7 36.Bxb5 Bxb5 37.Rf5 g5 38.Nh5+ Kg6 39.Qg4 Bd7 40.Ng3 Bxf5 41.Qh5+ Kh7 
42.Nxf5 Qf6 0-1

[Event "7th Africa-ch"]
[Site "Tripoli LBA"]
[Date "2009.07.21"]
[Round "1"]
[White "Solomons, Deon"]
[Black "Abdel Razik, Khaled"]
[Result "0-1"]
[WhiteElo "2210"]
[BlackElo "2462"]
[EventDate "2009.07.21"]
[PlyCount "56"]

1.e4 e6 2.Qe2 c5 3.g3 Nc6 4.Nf3 d6 5.Bg2 g5 6.h3 Bg7 7.c3 h6 8.Na3 Nge7 9.
O-O e5 10.Ne1 Be6 11.Nc4 Qd7 12.a4 O-O 13.Kh2 f5 14.d3 f4 15.g4 Ng6 16.Nf3
Bf6 17.b3 Kg7 18.Bb2 Rh8 19.d4 h5 20.dxe5 Ncxe5 21.Ncxe5 Nxe5 22.gxh5 g4 
23.Nxe5 Bxe5 24.c4 Rxh5 25.Rad1 Qf7 26.Rg1 f3+ 27.Bxe5+ dxe5 28.Qd2 Rah8 
0-1

[Event "7th Africa-ch"]
[Site "Tripoli LBA"]
[Date "2009.07.21"]
[Round "1"]
[White "Wageih, Kareim"]
[Black "Rizouk, Aimen"]
[Result "1/2-1/2"]
[WhiteElo "2253"]
[BlackElo "2506"]
[EventDate "2009.07.21"]
[PlyCount "67"]

1.d4 Nf6 2.Nf3 e6 3.e3 b6 4.Bd3 Bb7 5.c4 d5 6.O-O Nbd7 7.b3 Bd6 8.Bb2 Ne4 
9.cxd5 exd5 10.Ne5 O-O 11.Nd2 Qe7 12.Nxd7 Qxd7 13.Qc2 Rfe8 14.Rac1 Re6 15.
Bxe4 dxe4 16.Nc4 Rg6 17.Nxd6 cxd6 18.Kh1 Qg4 19.Rg1 Rh6 20.Rge1 Rf8 21.Qe2
Qh4 22.h3 Bc8 23.Qf1 Be6 24.Rc7 Rf6 25.Kg1 Rg6 26.Kh2 Ra8 27.Rec1 h6 28.
Ba3 Qh5 29.R7c6 d5 30.Be7 Kh7 31.Rc7 Bf5 32.R7c6 Be6 33.Rc7 Bf5 34.R7c6 
1/2-1/2

[Event "7th Africa-ch"]
[Site "Tripoli LBA"]
[Date "2009.07.21"]
[Round "1"]
[White "Zaibi, Amir"]
[Black "Farahat, Ali"]
[Result "1-0"]
[WhiteElo "2123"]
[BlackElo "2397"]
[EventDate "2009.07.21"]
[PlyCount "67"]

1.e4 c5 2.Nf3 d6 3.d4 cxd4 4.Nxd4 Nf6 5.Nc3 Nc6 6.Bc4 Qb6 7.Be3 Qxb2 8.
Ndb5 Qb4 9.Bd5 Qa5 10.Rb1 e6 11.O-O Qd8 12.Qe2 exd5 13.Nxd5 Nxd5 14.exd5 
Ne5 15.Bd4 Be7 16.f4 O-O 17.fxe5 dxe5 18.Qxe5 f6 19.Qc7 Bd7 20.Qxb7 Rb8 
21.Qa6 Bc8 22.Qc6 Bd7 23.Qc4 Kh8 24.Nxa7 Bd6 25.Rxb8 Qxb8 26.h3 Re8 27.Nc6
Qc8 28.Qc3 Re2 29.Bxf6 Qg8 30.Qf3 Rxc2 31.Ne5 Be8 32.Ng4 Rd2 33.Bc3 Rxa2 
34.Nh6 1-0

[Event "7th Africa-ch"]
[Site "Tripoli LBA"]
[Date "2009.07.22"]
[Round "2"]
[White "Abdel Razik, Khaled"]
[Black "Njili, Kamel"]
[Result "1-0"]
[WhiteElo "2462"]
[BlackElo "2318"]
[EventDate "2009.07.21"]
[PlyCount "67"]

1.d4 Nf6 2.Nf3 e6 3.Bg5 c5 4.e3 Qb6 5.Qc1 Nc6 6.c3 Ne4 7.Bf4 d5 8.Bd3 Ne7 
9.Nbd2 Ng6 10.Bxe4 dxe4 11.dxc5 Qxc5 12.Nxe4 Qd5 13.Qc2 Nxf4 14.exf4 Be7 
15.O-O Qf5 16.g3 O-O 17.Nd4 Qg6 18.Rfe1 Qh6 19.Qb3 Kh8 20.a4 a5 21.Nf3 Qh5
22.Ne5 Ra6 23.Qb5 f6 24.Nd7 Qe8 25.Nxf8 Qxf8 26.Rad1 h6 27.Nd2 g5 28.fxg5 
hxg5 29.Nc4 e5 30.Nxa5 Bg4 31.b4 e4 32.Qxb7 Re6 33.Rd7 Bf3 34.Nc6 1-0

[Event "7th Africa-ch"]
[Site "Tripoli LBA"]
[Date "2009.07.22"]
[Round "2"]
[White "Amin, Bassem"]
[Black "Wageih, Kareim"]
[Result "1-0"]
[WhiteElo "2551"]
[BlackElo "2253"]
[EventDate "2009.07.21"]
[PlyCount "99"]

1.e4 c5 2.Nf3 e6 3.d3 Nc6 4.g3 d5 5.Nbd2 Bd6 6.Bg2 Nge7 7.O-O O-O 8.Re1 
Qc7 9.c3 d4 10.cxd4 cxd4 11.a3 e5 12.b4 b5 13.Nb3 f6 14.Bd2 Be6 15.Nh4 
Rac8 16.Rc1 a5 17.Nxa5 Qa7 18.Nxc6 Rxc6 19.Rxc6 Nxc6 20.Nf5 Rd8 21.Bh3 Kh8
22.Qc2 Ne7 23.Nxd6 Rxd6 24.Qc5 Qd7 25.Bxe6 Rxe6 26.a4 bxa4 27.b5 h6 28.Ra1
Ng6 29.Rb1 Re8 30.b6 Rb8 31.f3 Ne7 32.Kg2 Rb7 33.Bb4 Qc6 34.Ba3 Qxc5 35.
Bxc5 Nc8 36.f4 Nxb6 37.fxe5 fxe5 38.Bd6 a3 39.Bxe5 a2 40.Ra1 Nd7 41.Bxd4 
Rb3 42.Rxa2 Rxd3 43.Ba1 Re3 44.Ra7 Rd3 45.Kf2 Kg8 46.Ke2 Rd6 47.e5 Rd5 48.
e6 Nf6 49.Ra8+ Kh7 50.e7 1-0

[Event "7th Africa-ch"]
[Site "Tripoli LBA"]
[Date "2009.07.22"]
[Round "2"]
[White "De Gondo, Simplice Armel"]
[Black "Oatlhotse, Providence"]
[Result "0-1"]
[WhiteElo "2432"]
[BlackElo "2164"]
[EventDate "2009.07.21"]
[PlyCount "138"]

1.e4 c5 2.Nf3 d6 3.d4 cxd4 4.Nxd4 Nf6 5.Bd3 e5 6.Nf3 Qc7 7.c4 Be6 8.O-O 
Nbd7 9.Qa4 Be7 10.Na3 O-O 11.Bg5 a6 12.Rac1 Qb8 13.Qd1 Nc5 14.h3 b5 15.b3 
b4 16.Nb1 Qb7 17.Qe2 a5 18.Nbd2 a4 19.Rc2 axb3 20.axb3 Ra3 21.Rb2 Rfa8 22.
Bb1 h6 23.Bxf6 Bxf6 24.Ne1 Bg5 25.Nd3 Nxd3 26.Qxd3 g6 27.Nf3 Be7 28.Qd2 
Kh7 29.Ne1 Qb6 30.Nc2 Bg5 31.Qd3 R3a6 32.Rd1 Rf8 33.Ne3 Bxe3 34.Qxe3 Qxe3 
35.fxe3 Rc8 36.Rbd2 Rcc6 37.Bd3 Ra3 38.Rb1 Kg7 39.Be2 Kf8 40.Rbb2 Ke7 41.
Bd1 Rca6 42.Be2 Ra1+ 43.Kf2 R6a3 44.Rd1 Bd7 45.Rxa1 Rxa1 46.Bf3 Bc6 47.Ke2
f5 48.Kd3 Rc1 49.exf5 Bxf3 50.gxf3 gxf5 51.e4 Rc3+ 52.Ke2 fxe4 53.fxe4 
Rxh3 54.Rb1 h5 55.Kf2 h4 56.Kg2 Re3 57.Rb2 Rxe4 58.Kf3 Rf4+ 59.Ke3 Rg4 60.
Kf3 Rg3+ 61.Ke4 Ke6 62.Rh2 h3 63.Rb2 Rg2 64.Rb1 h2 65.Rh1 Re2+ 66.Kd3 Rb2 
67.c5 dxc5 68.Kc4 Rc2+ 69.Kb5 e4 0-1

[Event "7th Africa-ch"]
[Site "Tripoli LBA"]
[Date "2009.07.22"]
[Round "2"]
[White "Haddouche, Mohamed"]
[Black "Ezat, Mohamed"]
[Result "0-1"]
[WhiteElo "2329"]
[BlackElo "2459"]
[EventDate "2009.07.21"]
[PlyCount "104"]

1.e4 c6 2.Nf3 d5 3.Nc3 dxe4 4.Nxe4 Nf6 5.Ng3 h5 6.h4 Bg4 7.Be2 e6 8.d3 
Nbd7 9.Ng5 Qc7 10.Bxg4 hxg4 11.Qe2 Ne5 12.h5 c5 13.Bd2 Nc6 14.c3 Qe5 15.
N3e4 O-O-O 16.Nxf6 gxf6 17.Qxe5 Nxe5 18.d4 Nd3+ 19.Ke2 Nxb2 20.Ne4 Nc4 21.
Be3 f5 22.Nxc5 Nxe3 23.Kxe3 Bxc5 24.dxc5 Rd5 25.Kf4 f6 26.Rae1 Kd7 27.Rb1 
Kc7 28.Rbe1 Kd7 29.Rb1 Rxc5 30.Rxb7+ Kc6 31.Rxa7 Rc4+ 32.Ke3 Rxc3+ 33.Kd4 
Rc2 34.Ra6+ Kd7 35.Rb1 Rd8 36.h6 Ke7+ 37.Ke3 Rcd2 38.Ra3 R8d4 39.g3 e5 40.
f4 Rg2 41.Rc3 Kd6 42.Rb6+ Kd5 43.Rb5+ Kd6 44.Rb6+ Kd5 45.Rb5+ Ke6 46.Rb6+ 
Kf7 47.fxe5 Re4+ 48.Kd3 Rxg3+ 49.Kd2 Rd4+ 50.Kc2 Rxc3+ 51.Kxc3 fxe5 52.Rb5
Kf6 0-1

[Event "7th Africa-ch"]
[Site "Tripoli LBA"]
[Date "2009.07.22"]
[Round "2"]
[White "Homrana, Mustafa"]
[Black "Niazi, Nehad"]
[Result "1-0"]
[WhiteElo "2114"]
[BlackElo "2237"]
[EventDate "2009.07.21"]
[PlyCount "69"]

1.d4 Nf6 2.Nf3 g6 3.c4 Bg7 4.Nc3 O-O 5.Bg5 d6 6.e3 Nbd7 7.Be2 h6 8.Bh4 c5 
9.d5 a6 10.a4 Qa5 11.Nd2 Ne5 12.O-O g5 13.Bg3 Bf5 14.h3 Ne8 15.Ra3 Nc7 16.
h4 gxh4 17.Bxh4 Ng6 18.Bg3 Kh8 19.Nb3 Qb4 20.Qc1 a5 21.Nd2 Qb6 22.Rb3 Qa7 
23.e4 Bd7 24.Nf3 Bg4 25.Nh4 Bxe2 26.Nxe2 Nxh4 27.Bxh4 Rae8 28.Ng3 Rg8 29.
Nf5 Kh7 30.Rg3 Bf8 31.Rxg8 Kxg8 32.Nxh6+ Bxh6 33.Qxh6 Qb6 34.Re1 Qxb2 35.
Re3 1-0

[Event "7th Africa-ch"]
[Site "Tripoli LBA"]
[Date "2009.07.22"]
[Round "2"]
[White "Kobese, Watu"]
[Black "Adly, Ahmed"]
[Result "1/2-1/2"]
[WhiteElo "2391"]
[BlackElo "2548"]
[EventDate "2009.07.21"]
[PlyCount "81"]

1.e4 c5 2.Nf3 d6 3.d4 Nf6 4.Nc3 cxd4 5.Nxd4 a6 6.Bc4 e6 7.Bb3 Nbd7 8.f4 
Nc5 9.O-O Be7 10.e5 Nfe4 11.Nxe4 Nxe4 12.c3 O-O 13.Bc2 Nc5 14.b4 dxe5 15.
fxe5 Nd7 16.Bf4 g6 17.Qf3 Bg5 18.Rae1 Nb6 19.Be4 Nc4 20.Qg4 h6 21.Nf3 f5 
22.exf6 e5 23.Bxg5 Bxg4 24.f7+ Rxf7 25.Bxd8 Rxd8 26.Bxg6 Re7 27.Bc2 Kg7 
28.Re4 Bf5 29.Rxc4 Bxc2 30.Rg4+ Kh7 31.Re1 e4 32.Nd4 Bd3 33.Re3 Rc8 34.Ne2
Bxe2 35.Rxe2 e3 36.c4 Rd8 37.h3 Rd2 38.Kf1 Rd1+ 39.Re1 Rd2 40.Re2 Rd1+ 41.
Re1 1/2-1/2

[Event "7th Africa-ch"]
[Site "Tripoli LBA"]
[Date "2009.07.22"]
[Round "2"]
[White "Sarwat, Walaa"]
[Black "El-Gindy, Essam"]
[Result "0-1"]
[WhiteElo "2390"]
[BlackElo "2501"]
[EventDate "2009.07.21"]
[PlyCount "66"]

1.e4 c5 2.Nf3 d6 3.d4 cxd4 4.Qxd4 Nc6 5.Bb5 Bd7 6.Bxc6 Bxc6 7.Nc3 Nf6 8.
Bg5 Qb6 9.Bxf6 gxf6 10.Qxb6 axb6 11.Nd4 e6 12.Ndb5 Kd7 13.a4 Rg8 14.O-O f5
15.f3 fxe4 16.fxe4 f5 17.g3 Bh6 18.Rf3 Ke7 19.Rd3 fxe4 20.Rxd6 Be3+ 21.Kg2
Bc5 22.Rdd1 e3+ 23.Kh3 Rg6 24.Rd4 Bxd4 25.Nxd4 Rh6+ 26.Kg4 Rxh2 27.Kf4 Rg8
28.Nce2 Rf8+ 29.Kxe3 Bh1 30.g4 Rh3+ 31.Kd2 Rd8 32.Ke1 Be4 33.Kf2 Rf8+ 0-1

[Event "7th Africa-ch"]
[Site "Tripoli LBA"]
[Date "2009.07.22"]
[Round "2"]
[White "Van den Heever, Donovan"]
[Black "Ranaivoharisoa, Alain"]
[Result "1/2-1/2"]
[WhiteElo "2254"]
[BlackElo "2083"]
[EventDate "2009.07.21"]
[PlyCount "73"]

1.e4 c5 2.Nf3 d6 3.d4 cxd4 4.Nxd4 Nf6 5.Nc3 a6 6.Bc4 e6 7.Bb3 Be7 8.Bg5 
Nc6 9.Qd2 Qa5 10.Nxc6 bxc6 11.O-O Qc7 12.Rad1 Bb7 13.f4 O-O-O 14.f5 d5 15.
e5 Ne4 16.Nxe4 dxe4 17.Qf4 Qb6+ 18.Kh1 Bxg5 19.Qxg5 Rxd1 20.Rxd1 Rd8 21.
Qxd8+ Qxd8 22.Rxd8+ Kxd8 23.f6 gxf6 24.exf6 Kd7 25.g4 Kd6 26.g5 c5 27.Ba4 
e3+ 28.Kg1 Be4 29.Kf1 Ke5 30.Ke2 Kf4 31.h4 Bf3+ 32.Ke1 Bh5 33.c4 a5 34.Bc2
Bg6 35.Bd1 Bb1 36.Ba4 Bg6 37.Bd1 1/2-1/2

[Event "7th Africa-ch"]
[Site "Tripoli LBA"]
[Date "2009.07.24"]
[Round "3"]
[White "Adly, Ahmed"]
[Black "Kaabi, Mejdi"]
[Result "1-0"]
[WhiteElo "2548"]
[BlackElo "2313"]
[EventDate "2009.07.21"]
[PlyCount "109"]

1.e4 e5 2.Nf3 Nf6 3.d4 Nxe4 4.Bd3 d5 5.dxe5 Be7 6.O-O Nc5 7.Be2 O-O 8.Be3 
Nc6 9.Nc3 Be6 10.Nb5 Qd7 11.c3 Rad8 12.h3 a6 13.Nbd4 f5 14.exf6 Bxf6 15.
Nxc6 Qxc6 16.Bd4 Qd6 17.Qc2 Bf5 18.Qxf5 Bxd4 19.Qc2 Bf6 20.Rad1 c6 21.Nd4 
Be5 22.Bg4 Bxd4 23.Rxd4 Ne4 24.Qb3 Nc5 25.Qd1 Ne6 26.Bxe6+ Qxe6 27.c4 Rf7 
28.cxd5 Rxd5 29.Rxd5 Qxd5 30.Qxd5 cxd5 31.Rd1 Rd7 32.Kf1 Kf7 33.Ke2 Ke6 
34.Rc1 Rf7 35.Rc8 Ke5 36.Ke3 d4+ 37.Ke2 Kd5 38.g3 h5 39.Re8 b5 40.Rd8+ Kc4
41.Re8 a5 42.Re5 d3+ 43.Ke3 d2 44.b3+ Kc3 45.Rc5+ Kb2 46.Kxd2 Kxa2 47.Rxb5
h4 48.Ke3 hxg3 49.fxg3 Kb2 50.h4 Kc3 51.h5 Kc2 52.g4 Kc3 53.Ke4 Kc2 54.g5 
Kc3 55.Ke5 1-0

[Event "7th Africa-ch"]
[Site "Tripoli LBA"]
[Date "2009.07.24"]
[Round "3"]
[White "El-Zayat, Ahmed"]
[Black "De Gondo, Simplice Armel"]
[Result "1/2-1/2"]
[WhiteElo "1969"]
[BlackElo "2432"]
[EventDate "2009.07.21"]
[PlyCount "118"]

1.f4 d5 2.Nf3 e6 3.g3 b6 4.Bg2 Bb7 5.O-O c5 6.d3 Nf6 7.Nbd2 Be7 8.Qe1 d4 
9.Nc4 O-O 10.a4 Na6 11.e4 Nb4 12.Qe2 a6 13.h3 b5 14.Nce5 Nh5 15.Kh2 f6 16.
Ng4 Qd7 17.Nf2 g6 18.c3 Nc6 19.f5 exf5 20.exf5 Qxf5 21.Ng4 Qd7 22.axb5 
axb5 23.Rxa8 Bxa8 24.Nh4 Bd6 25.Nf5 Ne5 26.Bxa8 Rxa8 27.Qe4 Rd8 28.Qd5+ 
Kh8 29.Nxd6 Qxd6 30.Qxd6 Rxd6 31.Nxe5 fxe5 32.Bh6 Rf6 33.Ra1 Kg8 34.Ra8+ 
Kf7 35.cxd4 cxd4 36.Kg2 Rc6 37.Ra7+ Ke6 38.Kf3 Rc2 39.g4 Nf4 40.Bxf4 exf4 
41.Kxf4 Rxb2 42.Ke4 h6 43.Kxd4 Rh2 44.Ra6+ Kf7 45.Ke5 Rxh3 46.Ra7+ Ke8 47.
d4 Re3+ 48.Kf4 Re7 49.Ra6 Rb7 50.Rxg6 b4 51.Rxh6 b3 52.Rh8+ Kd7 53.Rh7+ 
Kc8 54.Rh1 b2 55.Rb1 Kd7 56.Ke5 Ke7 57.d5 Rb6 58.d6+ Rxd6 59.Rxb2 Ra6 
1/2-1/2

[Event "7th Africa-ch"]
[Site "Tripoli LBA"]
[Date "2009.07.24"]
[Round "3"]
[White "Arab, Adlane"]
[Black "Amin, Bassem"]
[Result "1/2-1/2"]
[WhiteElo "2432"]
[BlackElo "2551"]
[EventDate "2009.07.21"]
[PlyCount "68"]

1.d4 Nf6 2.c4 e6 3.Nf3 Bb4+ 4.Nbd2 b6 5.g3 Ba6 6.Qc2 O-O 7.Bg2 Bb7 8.O-O 
Bxd2 9.Bxd2 Be4 10.Qa4 d6 11.Rfd1 h6 12.Bc3 Qd7 13.Qxd7 Nbxd7 14.Bf1 Bxf3 
15.exf3 d5 16.Rac1 dxc4 17.Bxc4 Nd5 18.Bxd5 exd5 19.Bb4 Rfc8 20.Rc2 a5 21.
Be7 Nf8 22.f4 g6 23.Bxf8 Kxf8 24.Rdc1 Ra7 25.Rc6 Re8 26.Rxc7 Rxc7 27.Rxc7 
Re2 28.b3 Rxa2 29.Rb7 Rb2 30.Rxb6 a4 31.Rb5 Rxb3 32.Rxd5 a3 33.Ra5 Ke7 34.
Ra6 Kd7 1/2-1/2

[Event "7th Africa-ch"]
[Site "Tripoli LBA"]
[Date "2009.07.24"]
[Round "3"]
[White "Belkhodja, Slim"]
[Black "Obiamiwe, Paul"]
[Result "1-0"]
[WhiteElo "2467"]
[BlackElo "2043"]
[EventDate "2009.07.21"]
[PlyCount "75"]

1.e4 c5 2.Nf3 d6 3.d4 cxd4 4.Qxd4 Nc6 5.Bb5 Bd7 6.Bxc6 Bxc6 7.Nc3 h6 8.O-O
e6 9.b3 Qa5 10.a4 Nf6 11.Ba3 Be7 12.Nd2 Qc7 13.Nc4 Rd8 14.Rfd1 O-O 15.Bxd6
Bxd6 16.Nxd6 Qa5 17.e5 Nd7 18.Ncb5 a6 19.b4 Qb6 20.Qxb6 Nxb6 21.Nd4 Bd5 
22.Nb3 Rb8 23.Na5 Nc8 24.c4 b6 25.cxd5 bxa5 26.bxa5 Ne7 27.dxe6 fxe6 28.
Ne4 Nd5 29.Rd2 Rfc8 30.g3 Rc4 31.Nd6 Rc5 32.f4 Rb4 33.f5 Kf8 34.fxe6 Ke7 
35.Nf5+ Kxe6 36.Nxg7+ Kxe5 37.Rf1 Rxa4 38.Re2+ 1-0

[Event "7th Africa-ch"]
[Site "Tripoli LBA"]
[Date "2009.07.24"]
[Round "3"]
[White "Chahrani, Ibrahim"]
[Black "Homrana, Mustafa"]
[Result "0-1"]
[WhiteElo "2280"]
[BlackElo "2114"]
[EventDate "2009.07.21"]
[PlyCount "101"]

1.e4 e6 2.Qe2 c5 3.Nf3 Nc6 4.g3 Nf6 5.Bg2 Be7 6.O-O O-O 7.c3 a5 8.a4 b6 9.
Na3 Ba6 10.Nb5 Rc8 11.d3 Re8 12.h4 d5 13.e5 Nd7 14.Bf4 Nf8 15.h5 g5 16.
hxg6 Nxg6 17.Nh2 Nxf4 18.gxf4 Kh8 19.Qh5 Rg8 20.Kh1 Qf8 21.Rg1 Rg6 22.Rae1
Qg7 23.Bh3 Rg8 24.Rxg6 fxg6 25.Qg4 Nd8 26.Nf3 Rf8 27.d4 Qh6 28.Ng5 Bxb5 
29.axb5 cxd4 30.cxd4 Rf5 31.Rg1 Bxg5 32.fxg5 Rxg5 33.Qf3 Rf5 34.Qe3 Qh4 
35.Rg3 Rf4 36.Rf3 Rxf3 37.Qxf3 Kg7 38.Qc3 Nf7 39.Kg1 Ng5 40.Bg2 Qg4 41.
Qc7+ Kh6 42.Qxb6 Nf3+ 43.Kf1 Nh4 44.Qxa5 Qxg2+ 45.Ke2 Qf3+ 46.Kd2 Nf5 47.
Kc1 Qxf2 48.b6 Qf1+ 49.Kd2 Nxd4 50.b7 Nb3+ 51.Kc3 0-1

[Event "7th Africa-ch"]
[Site "Tripoli LBA"]
[Date "2009.07.24"]
[Round "3"]
[White "El-Gindy, Essam"]
[Black "Abdelnabbi, Imed"]
[Result "1/2-1/2"]
[WhiteElo "2501"]
[BlackElo "2452"]
[EventDate "2009.07.21"]
[PlyCount "72"]

1.d4 d5 2.c4 e6 3.Nf3 Nf6 4.Bg5 Be7 5.Nc3 h6 6.Bxf6 Bxf6 7.e3 c6 8.Qc2 Nd7
9.O-O-O Be7 10.Kb1 dxc4 11.Bxc4 b5 12.Be2 Bb7 13.h4 a6 14.g4 Qb6 15.g5 c5 
16.d5 hxg5 17.Nxg5 Bxg5 18.hxg5 Rxh1 19.Rxh1 exd5 20.Bf3 Qe6 21.Ne2 g6 22.
Nf4 Qd6 23.Nxd5 Bxd5 24.Rd1 Nb6 25.Bxd5 Nxd5 26.Qe4+ Qe6 27.Qxd5 Qxd5 28.
Rxd5 c4 29.Rd6 Ke7 30.Rb6 Rh8 31.Rxa6 Rh5 32.a4 Rxg5 33.axb5 Rxb5 34.Rc6 
Rb4 35.Kc2 Kd7 36.Ra6 g5 1/2-1/2

[Event "7th Africa-ch"]
[Site "Tripoli LBA"]
[Date "2009.07.24"]
[Round "3"]
[White "Njili, Kamel"]
[Black "El-Kamel, Adel Mahmoud"]
[Result "1/2-1/2"]
[WhiteElo "2318"]
[BlackElo "2239"]
[EventDate "2009.07.21"]
[PlyCount "116"]

1.Nf3 Nf6 2.c4 e6 3.g3 d5 4.Bg2 Be7 5.O-O O-O 6.d3 c5 7.cxd5 Nxd5 8.Nc3 
Nc6 9.Bd2 b6 10.Nxd5 exd5 11.d4 Nxd4 12.Nxd4 cxd4 13.Qa4 Bf6 14.Bb4 Re8 
15.Bxd5 Bh3 16.Qb3 Qd7 17.Bxa8 Bxf1 18.Rxf1 Rxa8 19.Rc1 Rc8 20.Rc2 Rxc2 
21.Qxc2 h6 22.b3 Qb5 23.Qc8+ Kh7 24.Qc4 Qe5 25.Bd2 Kg8 26.Bf4 Qe4 27.Qc8+ 
Kh7 28.Qa6 Be5 29.Bd2 Kg8 30.a4 Bf6 31.Qc8+ Kh7 32.Qc4 Kg8 33.b4 g5 34.b5 
Kg7 35.Bb4 Be5 36.f3 Qb1+ 37.Kg2 Qd1 38.Ba3 Bf6 39.Bd6 d3 40.Qxd3 Qxa4 41.
f4 Qa1 42.fxg5 hxg5 43.Qe4 a6 44.Qe8 axb5 45.Bf8+ Kh7 46.Qxf7+ Kh8 47.Qe8 
Kh7 48.Qxb5 Qd4 49.Qd3+ Qxd3 50.exd3 g4 51.h3 gxh3+ 52.Kxh3 Bc3 53.Kg2 b5 
54.Kf3 b4 55.Ke2 Kg6 56.Bc5 Kf5 57.Kd1 Kg4 58.Bd6 b3 1/2-1/2

[Event "7th Africa-ch"]
[Site "Tripoli LBA"]
[Date "2009.07.24"]
[Round "3"]
[White "Oatlhotse, Providence"]
[Black "Sarwat, Walaa"]
[Result "0-1"]
[WhiteElo "2164"]
[BlackElo "2390"]
[EventDate "2009.07.21"]
[PlyCount "94"]

1.Nf3 Nf6 2.c4 b6 3.g3 e6 4.Bg2 Bb7 5.O-O c5 6.Nc3 Be7 7.d4 cxd4 8.Qxd4 d6
9.Rd1 a6 10.b3 Nc6 11.Qf4 O-O 12.Ba3 d5 13.cxd5 exd5 14.Bb2 Bd6 15.Qf5 Ne7
16.Qd3 b5 17.Ng5 g6 18.Nxb5 axb5 19.Bxf6 Qb6 20.Bd4 Bc5 21.Bxc5 Qxc5 22.
Rac1 Qb6 23.Rc2 Nf5 24.g4 Ng7 25.Qh3 h5 26.Bxd5 Bxd5 27.Rxd5 Rad8 28.Qd3 
hxg4 29.Qxb5 Qf6 30.Ne4 Qa1+ 31.Kg2 Rxd5 32.Qxd5 Nf5 33.Nd6 Nh4+ 34.Kg3 
Qf1 35.Kxg4 Qxf2 36.Ne4 Qxh2 37.Nf6+ Kg7 38.Qd4 Nf5 39.Nh5+ Kh6 40.Qd2+ 
Kh7 41.Nf6+ Kg7 42.Qc3 Qh4+ 43.Kf3 Nd4+ 44.Kg2 Qg5+ 45.Ng4 Qxg4+ 46.Kh2 
Qh4+ 47.Kg1 Rh8 0-1